Statistics for Airline operators of the VC-10

Click here to take the quiz!

General Stats

  • This quiz has been taken 15 times
  • The average score is 8 of 12

Answer Stats

HintAnswer% Correct
United KingdomBritish Airways|BOAC
100%
BahrainGulf AIr
88%
CeylonAir Ceylon
75%
LebanonMiddle East Airlines|MEA
75%
MalawiAir Malawi
63%
United KingdomBritish United Airways|BUA
63%
East African CommunityEast African Airways
63%
GhanaGhana Airways
63%
NigeriaNigeria Airways
63%
United KingdomRolls Royce
63%
United KingdomBritish Caledonian|BCA|Caledonian
50%
United KingdomLaker
50%

Score Distribution

Percentile by Number Answered

Percent of People with Each Score

Your Score History

You have not taken this quiz